Colección de los decretos y órdenes que han expedido las cortes generales y extraordinarias... (Record no. 153832)

MARC details
000 -LEADER
campo de control de longitud fija 01505nam a2200229 i 4500
001 - NÚMERO DE CONTROL
campo de control 153832
003 - IDENTIFICADOR DE NÚMERO DE CONTROL
campo de control ES-MaACL
005 - FECHA Y HORA DE LA ÚLTIMA TRANSACCIÓN
campo de control 20250809020459.0
008 - DATOS DE LONGITUD FIJA--INFORMACIÓN GENERAL
campo de control de longitud fija 940301m18201821sp |||| | spa d
040 ## - FUENTE DE CATALOGACIÓN
Centro catalogador/agencia de origen AS
Lengua de catalogación spa
110 1# - ENTRADA PRINCIPAL--NOMBRE DE ENTIDAD CORPORATIVA
Nombre de entidad corporativa o nombre de jurisdicción como elemento de entrada España.
Unidad subordinada Cortes Generales.
9 (RLIN) 3668
245 10 - MENCIÓN DEL TÍTULO
Título Colección de los decretos y órdenes que han expedido las cortes generales y extraordinarias...
260 ## - PUBLICACIÓN, DISTRIBUCIÓN, ETC.
Lugar de publicación, distribución, etc. Madrid :
Nombre del editor, distribuidor, etc. Imprenta Nacional,
Fecha de publicación, distribución, etc. 1820-1821.
300 ## - DESCRIPCIÓN FÍSICA
Extensión 7 v. ;
Dimensiones 21 cm.
505 8# - NOTA DE CONTENIDO CON FORMATO
Nota de contenido con formato Contiene: T. I. Desde su instalación de 24 de setiembre de 1810 hasta igual fecha de 1811 (XV, 249 p.) --T. II. Desde 24 de setiembre de 1811 hasta 24 de mayo de 1812 (XIV, 239 p.) -- T. III. Desde 24 de mayo de 1812 hasta 24 de febrero de 1813 (XVI, 236 p.) -- T. IV. Desde 24 de febrero de 1813 hasta 14 de setiembre del mismo año, comprende además el decreto expedido por las Cortes extraordinarias en 20 de dicho mes (XVIII, 286 p.) -- T. V. Desde 25 de setiembre de 1813 hasta 11 de mayo de 1814 (XIX, 212 p.) --T. VI. Desde 6 de julio hasta 9 de noviembre de 1820 (XXIV, 416 p.) -- T. VII. Desde 25 de febrero hasta 30 de junio del último año (XXII, 246 p. [i.e. 446])
530 ## - NOTA DISPONIBLE DE FORMULARIO FÍSICO ADICIONAL
Nota de formato físico adicional disponible Disponible también en sitio web.
596 ## - NOTA AL PIE DE IMPRENTA
NOTA AL PIE DE IMPRENTA El t.IV impreso en Imprenta de Repullés.
650 #7 - PUNTO DE ACCESO ADICIONAL DE MATERIA--TÉRMINO DE MATERIA
Término de materia o nombre geográfico como elemento de entrada Derecho-
Subdivisión geográfica España
Fuente del encabezamiento o término
9 (RLIN) 141531
852 ## - LOCALIZACIÓN
Ubicación ES-MaACL
Número de control de estantería R-1851-57
Nota libre - Enc. pasta española
Encuadernación Olim: Hem-382
856 ## - LOCALIZACIÓN Y ACCESO ELECTRÓNICOS
Identificador Uniforme de Recursos <a href="http://hemerotecadigital.bne.es/issn/P0001 ">http://hemerotecadigital.bne.es/issn/P0001 </a>
Nota pública Ir a la página
Holdings
Estatus retirado Estado de pérdida Estado de daño No para préstamo Colección Biblioteca de origen Biblioteca actual Ubicación en estantería Fecha de adquisición Total de préstamos Signatura topográfica completa Código de barras Visto por última vez Precio de reemplazo Tipo de ítem Koha
        Colección digital Biblioteca del Ateneo de Madrid Biblioteca del Ateneo de Madrid Depósito 17/01/2008   R-1851-57 1160833 23/02/2023 23/02/2023 Libro impreso antiguo